[Event "COL-ch U18 Girls rap"]
[Site "Barranquilla"]
[Date "2018.11.27"]
[Round "6"]
[White "Cayetano, Zigrid Shely"]
[Black "Aguirre Aguirre, Karen Dayana"]
[Result "1/2-1/2"]
[WhiteElo "1402"]
[BlackElo "1163"]
[PlyCount "30"]
[EventDate "2018.11.27"]
[EventType "swiss (rapid)"]
[EventRounds "6"]
[EventCountry "COL"]
[SourceTitle "CBM 187 Extra"]
[Source "ChessBase"]
[SourceDate "2018.11.04"]
[SourceVersion "1"]
[SourceVersionDate "2018.11.04"]
[SourceQuality "1"]

1. e4 d5 2. exd5 Nf6 3. Nc3 Bg4 4. Be2 Bxe2 5. Qxe2 e5 6. Ne4 Nxe4 7. Qxe4 Bc5 8. d3 c6 9. d4 Bxd4 10. Qxd4 exd4 11. Bf4 Qd6 12. Bxd6 cxd5 13. Rd1 Nc6 14. f4 f5 15. g4 g5 1/2-1/2

[Event "COL-ch U18 Girls"]
[Site "Barranquilla"]
[Date "2018.11.26"]
[Round "5"]
[White "Corredor Agamez, Nicole Vanessa"]
[Black "Cayetano, Zigrid Shely"]
[Result "1-0"]
[WhiteElo "1355"]
[BlackElo "1402"]
[PlyCount "55"]
[EventDate "2018.11.24"]
[EventType "swiss"]
[EventRounds "7"]
[EventCountry "COL"]
[SourceTitle "CBM 187 Extra"]
[Source "ChessBase"]
[SourceDate "2018.11.04"]
[SourceVersion "1"]
[SourceVersionDate "2018.11.04"]
[SourceQuality "1"]

1. Nf3 e5 2. Nxe5 Nf6 3. f4 Bc5 4. d4 Bb6 5. e3 Ne4 6. Qf3 d5 7. Bd3 f6 8. Qh5+ g6 9. Nxg6 Kf7 10. Nxh8+ Kg8 11. Nf7 Qf8 12. Qxd5 Kg7 13. Qxe4 Qxf7 14. Qxh7+ Kf8 15. Qh8+ Qg8 16. Qxf6+ Ke8 17. Bg6+ Kd7 18. Bf5+ Ke8 19. Bxc8 Nc6 20. Bxb7 Qxg2 21. Bxc6+ Qxc6 22. Qxc6+ Ke7 23. Qxa8 Kd7 24. Nc3 Kd6 25. Qd5+ Ke7 26. Rg1 c6 27. Rg7+ Kf8 28. Qg8# 1-0

[Event "COL-ch Superate fin-B Girls"]
[Site "Bogota"]
[Date "2016.11.16"]
[Round "4.12"]
[White "Cayetano, Zigrid Shely"]
[Black "Perez Oliveros, Maria Jose"]
[Result "0-1"]
[WhiteElo "1421"]
[BlackElo "1406"]
[PlyCount "52"]
[EventDate "2016.11.15"]
[EventType "swiss"]
[EventRounds "5"]
[EventCountry "COL"]
[SourceTitle "EXT 2024"]
[Source "ChessBase"]
[SourceDate "2023.10.10"]
[SourceVersion "1"]
[SourceVersionDate "2023.10.10"]
[SourceQuality "1"]

1. e4 e5 2. Nc3 d6 3. Nf3 Nf6 4. Ng5 h6 5. Nf3 Be6 6. Bb5+ c6 7. Ba4 Qb6 8. d4 Bg4 9. h3 Bxf3 10. Qxf3 exd4 11. e5 dxe5 12. Qf5 Nbd7 13. 0-0 dxc3 14. bxc3 Qa5 15. Qf4 exf4 16. Re1+ Be7 17. Bb3 Qxc3 18. Rb1 Qxe1+ 19. Kh2 Qxf2 20. Bxf4 Qxf4+ 21. Kg1 0-0 22. Rf1 Bc5+ 23. Kh1 Qxf1+ 24. Kh2 Rfe8 25. Kg3 Re3+ 26. Kh4 Qf4+ 0-1